| 000 | 01417nam a2200241Ia 4500 | ||
|---|---|---|---|
| 999 |
_c39618 _d39618 |
||
| 001 | 6218 | ||
| 003 | GE_BSU | ||
| 005 | 20190628185612.0 | ||
| 008 | 181216s1976|||| |||||||||||||| ||geo|| | ||
| 080 | _a62-86 ე-39 | ||
| 100 |
_aეზიკაშვილი,ო. _93080 |
||
| 245 |
_aმექანიკური ამძრავები:გაანგარიშების მიმდინარეობა და საცნობარო მასალები : _bდამხმ. სახელმძღვ. / _cო. ეზიკაშვილი ; გ. ჭელიძე ; შ. სულხანიშვილი ; რედ : ჩ. გურგენიძე. |
||
| 250 | _aმეორე შევსებ. და გადამუშ. გამოც. | ||
| 264 |
_aთბილისი : _bგანათლება, _c1976. |
||
| 300 |
_a400 გვ.: _bილ ; _c27 სმ; |
||
| 504 | _aბიბლიოგრ.:გვ.397 | ||
| 653 | _aგაანგარიშების მიმდინარეობა და საცნობარო მასალები | ||
| 653 | _aმექანიკური ამძრავები | ||
| 700 |
_aჭელიძე, გ _93081 |
||
| 700 |
_aსულხანიშვილი, შ _93099 |
||
| 700 |
_aგურგენიძე, ჩ _eრედაქტორი _93100 |
||
| 942 |
_cBK _2udc |
||